| 000 | 00413nam a2200157 4500 | ||
|---|---|---|---|
| 001 | 13083 | ||
| 005 | 20201125172817.0 | ||
| 007 | tu | ||
| 008 | s1953||||||| ger | ||
| 100 | 1 | _aBenisch, Erich | |
| 245 | 0 | 0 |
_a600 Jahre Frankfurter Schulgeschichte _b1341 - 1940 _cBearbeitet i. A. des Rates der Stadt von Erich Benisch |
| 264 | _c1953 | ||
| 300 | _aungez. S. | ||
| 365 | _c€ | ||
| 546 | _adeutsch | ||
| 999 |
_c73693 _d73693 |
||